Influential People Quiz (1600 AD-present) - Statistics

General Stats
  • This quiz has been taken 1,269 times
  • The average score is 16 of 20
Answer Stats
Hint Answer % Correct
Dictator of Nazi Germany Adolf Hitler
99%
First President of the United States George Washington
98%
French military leader who finally lost at the battle of Waterloo Napoleon Bonaparte
98%
Fought against segregation, giving the "I Have a Dream" speech in front of the Lincoln Memorial Martin Luther King Jr
97%
Leader of the nonviolent revolution in India Gandhi
96%
Created the laws of relativity, helped with the Manhattan project, and was an astrophysics expert Albert Einstein
95%
Developed and popularized Theory of Evolution Charles Darwin
95%
Alongside Steve Wozniak, founded Apple and invented an early microcomputer Steve Jobs
95%
Attributed the invention of the lightbulb Thomas Edison
95%
Leader of the Russian Revolution and head of the new USSR Vladimir Lenin
94%
Mother of modern physics, discovered Polonium and Radium with her husband Marie Curie
92%
German Communist philosopher Karl Marx
89%
Inventor of the telephone Alexander Graham Bell
87%
Popularized the fantasy genre through his The Hobbit and The Lord of the Rings J.R.R Tolkien
85%
Liberator of many South American countries Simon Bolivar
77%
Philosopher who helped create modern economic theory Adam Smith
57%
Discovered Penicillin can be used as an antibiotic, saving millions of lives Alexander Fleming
55%
Invented the telegram for long-distance communication Samuel Morse
41%
Womens suffragist and abolitionist in the USA Susan B Anthony
33%
Created the smallpox vaccine Edward Jenner
32%
No matching quizzes found
Score Distribution
Percent of People with Each Score
Percentile by Number Answered
Your Score History
You have not taken this quiz